00443nam a2200145 i 450000100060000000300090000600500170001500700030003200800410003510000230007624500880009926000660018730000220025385200220027599060ES-MaACL20230906182429.0t|051114q19001999sp ||||1| spa d1 aEngels, Friedrich.10aOrigen de la familia, de la propiedad privada y del estado / cpor Federico Engels. aMadrid : bLa España Moderna, c[19-?] (fAgustín Avrial) a324 p. ; c23 cm. aES-MaACLjB-12432